Is it a South Pacific Country? Quiz Stats

 Plays Quiz not verified by Sporcle

Also try: Countries: After R
Challenge
Share
Tweet
Embed
Score 0/14 Timer 03:00
0 Plays Today
% Correct
Fiji
95.6%
Samoa
93.3%
Palau
91.8%
Vanuatu
91.5%
New Zealand
91.3%
Papua New Guinea
90.7%
Tuvalu
90.2%
% Correct
Tonga
89.5%
Soloman Islands
89.5%
Nauru
88.9%
Marshall Islands
88.2%
Micronesia
86.4%
Kiribati
85.3%
Australia
85.1%

You're not logged in!

Compare scores with friends on all Sporcle quizzes.
Join for Free
OR
Log In

You Might Also Like...

Show Comments

Extras

Top Quizzes Today


Score Distribution

Your Account Isn't Verified!

In order to create a playlist on Sporcle, you need to verify the email address you used during registration. Go to your Sporcle Settings to finish the process.

Report this User

Report this user for behavior that violates our Community Guidelines.

Details: